| 000 | 00728cam a2200229 a 4500 | ||
|---|---|---|---|
| 005 | 20131008054117.0 | ||
| 008 | 030604s2003 caua 001 0 eng d | ||
| 041 | 0 | _aeng | |
| 080 | _a004.42 | ||
| 100 | 1 | _aForta, Ben. | |
| 245 | 1 | 0 |
_aMacromedia Coldfusion MX Web application construction kit / _cBen Forta and Nate Weiss ... [et al.]. |
| 246 | 3 | 0 | _aColdfusion MX Web application construction kit |
| 250 | _a5th ed. | ||
| 260 |
_aBerkeley, CA : _bMacromedia Press, _cc2003. |
||
| 300 |
_axxxiv, 1500 p. : _bill. ; _c23 cm. + _e1 computer optical disc (4 3/4 in.) |
||
| 500 | _aIncludes index. | ||
| 630 | 0 | 0 | _aColdFusion. |
| 650 | 0 | _aDatabase design. | |
| 650 | 0 | _aWeb databases. | |
| 700 | 1 | _aWeiss, Nate. | |
| 942 |
_2udc _cBK |
||
| 999 |
_c43 _d43 |
||